LEADER 01644nam0-2200301---450- 001 990005301030403321 005 20140220120417.0 035 $a000530103 035 $aFED01000530103 035 $a(Aleph)000530103FED01 035 $a000530103 100 $a19990604g17011702km-y0itay50------ba 101 0 $alat 102 $aNL 105 $ay-------00--- 200 1 $aThesaurus theologico-philologicus sive Sylloge dissertationum elegantiorum ad selectiora et illustriora Veteris et Novi Testamenti loca; a theologis protestantibus in Germania separatim diversis temporibus conscriptarum. Secundum ordinem utriusque Testamenti librorum digesta 210 $aAmstelaedami : excudunt Henricus & vidua Theod. Boom, Joannes & AEgidius Janssonii a Waesberge, Gerhardus Borstius, Joannes Wolters ; et Ultrajecti :$cGuglielmus van de Water, & Guilielmus Broedelet,$d1701-1702 215 $a2 v.$d40cm 327 1 $a1.: [16], 1078 p. : ill.$a2.: Thesaurus theologico-philologicus, sive Sylloge dissertationum elegantiorum ad selectiora et illustriora Novi Testamenti loca ... - [16], 988, [20] p. : ill. 676 $a220.7 801 0$aIT$bUNINA$gRICA$2UNIMARC 901 $aAQ 912 $a990005301030403321 952 $aSG 200/C 18 (1)$bST.REL. 446$fFLFBC 952 $aSG 200/C 18 (2)$bST.REL. 447$fFLFBC 959 $aFLFBC 996 $aThesaurus theologico-philologicus sive Sylloge dissertationum elegantiorum ad selectiora et illustriora Veteris et Novi Testamenti loca; a theologis protestantibus in Germania separatim diversis temporibus conscriptarum. Secundum ordinem utriusque Testamenti librorum digesta$9537054 997 $aUNINA LEADER 05762nam 2200589 a 450 001 9910784919403321 005 20230721020036.0 010 $a1-135-85233-2 010 $a0-203-87664-4 035 $a(CKB)2670000000034999 035 $a(EBL)431814 035 $a(OCoLC)658085882 035 $a(SSID)ssj0000419256 035 $a(PQKBManifestationID)11261449 035 $a(PQKBTitleCode)TC0000419256 035 $a(PQKBWorkID)10380807 035 $a(PQKB)11233854 035 $a(MiAaPQ)EBC431814 035 $a(Au-PeEL)EBL431814 035 $a(CaPaEBR)ebr10413130 035 $a(CaONFJC)MIL760770 035 $a(EXLCZ)992670000000034999 100 $a20081203d2009 uy 0 101 0 $aeng 135 $aur|n|---||||| 181 $ctxt 182 $cc 183 $acr 200 04$aThe handbook of practice and research in study abroad$b[electronic resource] $ehigher education and the quest for global citizenship /$fRoss Lewin, editor 210 $aNew York $cRoutledge ;$a[Washington, DC] $cAssociation of American Colleges and Universities$d2009 215 $a1 online resource (609 p.) 300 $aDescription based upon print version of record. 311 $a0-415-99161-7 311 $a0-415-99160-9 320 $aIncludes bibliographical references and index. 327 $aGlobal citizenship in theory and practice / Hans Schattle -- Fostering engagement: the role of international education in the development of global civil society / James M. Skelly -- Global learning and the making of citizen diplomats / Rebecca Hovey and Adam Weinberg -- International studies and foreign languages: a critical American priority / Charles Kolb -- Global citizenship education: challenges and possibilities / Ian Davies and Graham Pike -- Study abroad and language: from maximal to realistic models / Dieter Wanner -- Constructive disequilibrium: cognitive and emotional development through dissonant experiences in less familiar destinations / S. Megan Che, Mindy Spearman and Agida Manizade -- The liberal arts and global citizenship: fostering intercultural engagement through integrative experiences and structured reflection / Joseph L. Brockington and Margarete D. Wiedenhoeft -- Study abroad and nursing: from cultural to global competence / Connie Currier ... [et al.] -- The role of study abroad in preparing globally responsible teachers / Kenneth Cushner -- Democratizing study abroad: challenges of open access, local commitments, and global competence in community colleges / Robert A. Frost and Rosalind Latiner Raby -- North of 49: global citizenship a? la canadienne / Roopa Desai Trilokekar and Adrian Shubert -- Global citizenship and study abroad: a European comparative perspective / Hans de Wit -- Strategy for development of a global city: study abroad in Singapore / Peter Pang -- It takes an entire institution: a blueprint for the global university / William Brustein -- Turning our back on the world: study abroad and the purpose of U.S. higher education / Riall W. Nolan -- Faculty beliefs and institutional values: identifying and overcoming these obstacles to education abroad growth / Joan Elias Gore -- Selling the world: study abroad marketing and the privatization of global citizenship / Talya Zemach-Bersin -- Global citizenship for all: low minority student participation in study abroad: seeking strategies for success / Earl Picard, Farrah Bernardino, and Kike Ehigiator -- Understanding the challenges of assessing global citizenship / Darla K. Deardorff -- Here to stay: increasing acceptance of short-term study abroad programs / Lisa Chieffo and Lesa Griffiths -- Going global in the sciences: a case study of Emory University / Philip Wainwright ... [et al.] -- Undergraduate research during study abroad: scope, meaning, and potential / Bernhard T. Streitwieser -- Georgia Tech's comprehensive and integrated approach to developing global competence / Howard Rollins -- Holistic student learning and development abroad: the IES 3-D program model / Joan Gillespie, Larry Braskamp, and Mary Dwyer -- It takes a curriculum: bringing global mindedness home / Kevin Hovland ... [et al.] -- Educating globally competent citizens through international service learning / William M. Plater ... [et al.] -- Creating deep partnerships with institutions abroad: the university as global citizen / Susan H. Gillespie ... [et al.] -- Creating study abroad opportunities for first-generation college students / Maria D. Martinez, Bidya Ranjeet, and Helen A. Marx -- It's not about you: the UConn social entrepreneur corps global commonwealth study abroad model / Ross Lewin and Greg Van Kirk. 330 $aCo-published with the Association for American Colleges and Universities (AAC&U)If we are all becoming global citizens, what then are our civic responsibilities? Colleges and universities across the United States have responded to this question by making the development of global citizens part of their core mission. A key strategy for realizing this goal is study abroad. After all, there may be no better way for students to acquire the knowledge, skills, and attitudes required to become effective change-agents in international contexts. The Handbook of Pra 606 $aForeign study$vHandbooks, manuals, etc 606 $aEducation and globalization 606 $aWorld citizenship 615 0$aForeign study 615 0$aEducation and globalization. 615 0$aWorld citizenship. 676 $a378/.016 701 $aLewin$b Ross$01463259 801 0$bMiAaPQ 801 1$bMiAaPQ 801 2$bMiAaPQ 906 $aBOOK 912 $a9910784919403321 996 $aThe handbook of practice and research in study abroad$93672493 997 $aUNINA LEADER 03892nam 2200601 450 001 9910812125603321 005 20220522114908.0 010 $a3-8498-1338-X 035 $a(CKB)4930000000057259 035 $a(Au-PeEL)EBL6269040 035 $a(OCoLC)1181845483 035 $a5c9b5a50-9e40-4f05-a3fc-5a73b0dd2d03 035 $a(MiAaPQ)EBC6269040 035 $a(EXLCZ)994930000000057259 100 $a20220522d2019 uy 0 101 0 $ager 135 $aurcnu|||||||| 181 $ctxt$2rdacontent 182 $cc$2rdamedia 183 $acr$2rdacarrier 200 00$aAlbert Vigoleis Thelen - ein moderner Tragelaph $ePerspektiven auf ein vielgestaltiges Werk /$fMoritz Wagner/Magnus Wieland (Hgg.) 205 $a1st ed. 210 1$aBielefeld :$cAisthesis Verlag,$d[2019] 210 4$d©2019 215 $a1 online resource (320 pages) 225 1 $aModerne-Studien ;$vBand 24 300 $aPublicationDate: 20190201 311 $a3-8498-1327-4 327 $aFrontcover -- Titel -- Inhalt -- Moritz Wagner / Magnus Wieland: Albert Vigoleis Thelen ? ein moderner Tragelaph -- Rosmarie Zeller: Thelens »angewandte Erinnerungen« vor dem Hintergrund der Memoirenliteratu -- Nicolas von Passavant: Stubenhocker im Korallenriff, Ho?hlentier in der Badewanne -- Walter Delabar: Missglu?ckte Ru?ckkehr? -- Moritz Wagner: Jenseits des »Limes der Gleichschaltung« -- Hans Ester: Die niederla?ndische Literatur als Refugium fu?r Albert Vigoleis Thelen -- Orlando Grossegesse: Aufhellen und Zuru?ckdunkeln -- Carl Niekerk: Toleranz, Kolonialismus und die »Unschuld der Weißen« -- Magnus Wieland: Parabole ? Albert Vigoleis Thelens poetische Parasitologie -- Peter Wild: Das andere Ende der Sodominnemoritaten -- Michael Gormann-Thelen: Einschlu?sse im Wort -- Ju?rgen Pu?tz: »Verschollen in den Ludergruben der deutschen Literatur« -- Moritz Wagner (Hg.): Thelen in Genf -- Rosmarie Zeller (Hg.): Briefe von Albert Vigoleis Thelen aus den Jahren 1978-1979 -- Wolfgang Kaiser: Eine Freundschaft von dreiundzwanzig Jahren -- Biogramme der Beitra?gerinnen und Beitra?ger -- Backcover. 330 $aLong description: Albert Vigoleis Thelen (1903-1989) zählt als Lyriker, Übersetzer und Autor sprachmächtiger Prosa nach wie vor zu den literarischen Geheimtipps. Insbesondere sein monumentaler und erinnerungspoetologisch bedeutsamer Romanerstling »Die Insel des zweiten Gesichts. Aus den angewandten Erinnerungen des Vigoleis« (1953) über das Exil auf der Insel Mallorca brachte ihm den Ruf eines großen Humoristen der Moderne ein. Aus Anlass von Thelens 30. Todestag unternimmt die vorliegende Publikation eine neue Würdigung dieses »modernen Tragelaphen« ? wie man Thelen in Anspielung auf einen seiner Gedichtbände charakterisieren könnte. Die hier versammelten Beiträge nehmen das gesamte Spektrum seines literarischen Schaffens in den Blick und beleuchten die Modernität, Diversität und Innovation von Thelens Schreib- und Arbeitsweisen. Ein reicher Fundus bislang unveröffentlichter Briefe, Gedichte, Fotografien sowie persönliche Reminiszenzen komplettieren den Band. 410 0$aModerne-Studien (Bielefeld, Germany) ;$vBand 24. 606 $aBriefwechsel 606 $aExilliteratur 606 $aGruppe 47 606 $aBernhard Böschenstein 606 $aTragelaph 608 $aCriticism, interpretation, etc.$2fast 608 $aPersonal correspondence.$2fast 615 00$aBriefwechsel 615 00$aExilliteratur 615 00$aGruppe 47 615 00$aBernhard Böschenstein 615 00$aTragelaph 676 $a833.912 702 $aWagner$b Moritz 702 $aWieland$b Magnus 801 0$bMiAaPQ 801 1$bMiAaPQ 801 2$bMiAaPQ 906 $aBOOK 912 $a9910812125603321 996 $aAlbert Vigoleis Thelen - ein moderner Tragelaph$94085959 997 $aUNINA